|
|
|
|
| LEADER |
00000naa2a2200000 4500 |
| 001 |
219074 |
| 005 |
20231227094110.0 |
| 035 |
|
|
|a (RuTPU)RU\TPU\book\239112
|
| 035 |
|
|
|a RU\TPU\tpu\21567
|
| 090 |
|
|
|a 219074
|
| 100 |
|
|
|a 20120702d2009 k y0rusy50 ca
|
| 101 |
0 |
|
|a rus
|
| 102 |
|
|
|a RU
|
| 200 |
1 |
|
|a Направления совершенствования графической подготовки в техническом вузе
|f Н. А. Антипина, Е. В. Вехтер
|
| 463 |
|
1 |
|0 (RuTPU)RU\TPU\book\189917
|y 978-5-7433-20271
|t Совершенствование подготовки учащихся и студентов в области графики, конструирования и стандартизации
|o межвузовский научно-методический сборник
|f Саратовский государственный технический университет; отв. ред. Ю. А. Зайцев
|v С. 145-148
|d 2009
|p 282 с.
|
| 610 |
1 |
|
|a труды учёных ТПУ
|
| 700 |
|
1 |
|a Антипина
|b Н. А.
|c специалист в области инженерной графики и начертательной геометрии
|c доцент Томского политехнического университета, кандидат технических наук
|f 1972-
|g Наталья Алексеевна
|3 (RuTPU)RU\TPU\pers\29477
|9 14020
|
| 701 |
|
1 |
|a Вехтер
|b Е. В.
|c специалист в области инженерной графики и начертательной геометрии
|c доцент Томского политехнического университета, кандидат педагогических наук
|f 1972-
|g Евгения Викторовна
|3 (RuTPU)RU\TPU\pers\26510
|4 070
|9 12212
|
| 801 |
|
1 |
|a RU
|b 63413507
|c 20120702
|
| 801 |
|
2 |
|a RU
|b 63413507
|c 20120703
|g RCR
|
| 942 |
|
|
|c BK
|